LEADER 00883nam a2200241 i 4500 001 000000151614 003 CaOOAMICUS 005 20060706000000.0 008 060706s1952 it u000 u ita u 013 $a128953 040 $aSeMil$bita 100 1 $aBotta, Gustavo.$0(OLS)http://semarc/name/59567 245 10$aAlcuni scritti /$cGustavo Botta ; con un saggio di Francesco Flora. 260 $aMilano :$bAriel,$ccopyr. 1952. 300 $a116 p., [1] fotografia ;$c25 cm. 500 $aFondo Ciprandi. 700 1 $aFlora, Francesco,$d<1891-1962>.$0(OLS)http://semarc/name/6412 850 $aSeMil 852 $aSeMil$W1$xVenegono$y1$m1C V 142$j103634$B103634$CSeMilBibl$Z2$F112694 $81 941 1 $a1 961 $aOmaggio: Ciprandi dott. Paolo 996 $6245$aAlcuni scritti$9(OLS)http://semarc/title/14966 996 $6260$aMilano :$bAriel$9(OLS)http://semarc/publisher/47983 LEADER 00811nas a2200229 i 4500 001 000000151667 003 CaOOAMICUS 005 20060804000000.0 008 060704b2006 it uu u0 0ita r 013 $a129006 020 $a88-220-8719-4 040 $aSeMil$bita 245 10$a[2006 :$bmarzo-aprile]. 260 $aBari :$bDedalo,$c2006. 300 $a79 p. ;$c28 cm. 773 0 $tCritica Marxista.$dRoma : Editori Riuniti, 1963.$x0011-152X$w()2160 850 $aSeMil 852 $aSeMil$W1$xVenegono$y1$m228 4 80$j103672$B103672$CSeMilBibl$Z2$F113379 $85 961 $aAbbonamento: Dedalo 996 $6020$a88-220-8719-4$9(OLS)http://semarc/number/141277 996 $6245$a[2006 :$bmarzo-aprile]$9(OLS)http://semarc/title/221655 996 $6260$aBari :$bDedalo$9(OLS)http://semarc/publisher/30763